Belajar menjadi wartawan

Bibliographic Details
Main Author: Jeniri Amir
Corporate Author: Title
Format: Book
Published: Pahang : PTS Professional Publishing , 2005
Subjects:

MARC

LEADER 00000cam a2200000 7i4500
001 0000012816
005 20080103.0
008 080103
020 |a 9833376487 
090 0 0 |a 070.4023   |b JEN 
100 0 |a Jeniri Amir 
245 1 0 |a Belajar menjadi wartawan   |c Jeniri Amir 
260 |a Pahang :   |b PTS Professional Publishing ,   |c 2005 
650 0 |a Journalism   |x Vocational guidance 
650 0 |a Journalists 
710 0 |a Title 
999 |a 0000101030   |b Book   |c Adult Collection   |e Perbadanan Perpustakaan Awam Johor 
999 |a 0000924058   |b Book   |c Adult Collection   |e Cawangan Bukit Gambir 
999 |a 0000933435   |b Book   |c Adult Collection   |e Cawangan Tangkak 
999 |a 0000933436   |b Book   |c Adult Collection   |e Cawangan Tangkak 
999 |a 0000933437   |b Book   |c Adult Collection   |e Cawangan Tangkak 
999 |a 0000939936   |b Book   |c Adult Collection   |e Cawangan Taman Sri Lambak 
999 |a 0001010305   |b Book   |c Adult Collection   |e Cawangan Kota Tinggi 
999 |a 0001010307   |b Book   |c Adult Collection   |e Perbadanan Perpustakaan Awam Johor 
999 |a 0001010308   |b Book   |c Adult Collection   |e Perbadanan Perpustakaan Awam Johor